000
00263nam a22000977a 4500
008
221018b |||||||| |||| 00| 0 eng d
020
_a
9780007368549
100
_a
Ariely Dan
_9
7581
245
_a
Predictably Irrational
260
_a
USA
_b
Harper Collins Publishers
_c
2009
999
_c
12077
_d
12077